|
|
|
|
| LEADER |
00000cam a2200000 c 4500 |
| 001 |
071926097 |
| 003 |
DE-627 |
| 005 |
20251219215246.0 |
| 007 |
tu |
| 008 |
950310s1995 gw ||||| 00| ||ger c |
| 015 |
|
|
|a 95,N08,0136
|2 dnb
|
| 016 |
7 |
|
|a 943116791
|2 DE-101
|
| 020 |
|
|
|a 3879595038
|9 3-87959-503-8
|
| 020 |
|
|
|a 3879595232
|9 3-87959-523-2
|
| 035 |
|
|
|a (DE-627)071926097
|
| 035 |
|
|
|a (DE-576)044172303
|
| 035 |
|
|
|a (DE-599)GBV071926097
|
| 035 |
|
|
|a (OCoLC)231637387
|
| 035 |
|
|
|a (OCoLC)231637387
|
| 040 |
|
|
|a DE-627
|b ger
|c DE-627
|e rakwb
|
| 041 |
|
|
|a ger
|
| 044 |
|
|
|c XA-DE
|
| 082 |
0 |
|
|a 299/.93
|
| 084 |
|
|
|a 13
|a 12
|2 sdnb
|
| 084 |
|
|
|a 0
|2 ssgn
|
| 084 |
|
|
|a BE 9000
|2 rvk
|0 (DE-625)rvk/10823:
|
| 084 |
|
|
|a BE 9250
|2 rvk
|0 (DE-625)rvk/10848:
|
| 084 |
|
|
|a 11.97
|2 bkl
|
| 100 |
1 |
|
|0 (DE-588)112972381
|0 (DE-627)602042658
|0 (DE-576)167868306
|4 aut
|a Langel, Helmut
|d 1947-
|
| 109 |
|
|
|a Langel, Helmut 1947-
|
| 245 |
1 |
0 |
|a Destruktive Kulte und Sekten
|b eine kritische Einführung
|c Helmut Langel
|
| 250 |
|
|
|a 2., überarb. Aufl.
|
| 263 |
|
|
|a Pb. : DM 16.80, sfr 17.80, S 131.00
|
| 264 |
|
1 |
|a München
|a Landsberg am Lech
|b Verl. Bonn Aktuell
|c 1995
|
| 264 |
|
1 |
|a München
|b mvg-Verl.
|c 1995
|
| 300 |
|
|
|a 200 S.
|b Ill.
|
| 336 |
|
|
|a Text
|b txt
|2 rdacontent
|
| 337 |
|
|
|a ohne Hilfsmittel zu benutzen
|b n
|2 rdamedia
|
| 338 |
|
|
|a Band
|b nc
|2 rdacarrier
|
| 583 |
1 |
|
|a Archivierung/Langzeitarchivierung gewährleistet
|f SSG
|x XA-DE-BW
|2 pdager
|5 DE-21
|
| 583 |
1 |
|
|a Archivierung prüfen
|c 20240324
|f DE-4165
|z 1
|2 pdager
|
| 601 |
|
|
|a Einführung
|
| 689 |
0 |
0 |
|d s
|0 (DE-588)4279419-5
|0 (DE-627)104374969
|0 (DE-576)210744189
|2 gnd
|a Neue Religion
|
| 689 |
0 |
1 |
|d s
|0 (DE-588)4077343-7
|0 (DE-627)106080474
|0 (DE-576)209204761
|2 gnd
|a Sekte
|
| 689 |
0 |
|
|5 (DE-627)
|
| 889 |
|
|
|w (DE-627)181123835
|
| 935 |
|
|
|a mteo
|
| 935 |
|
|
|i mdedup
|
| 935 |
|
|
|i Blocktest
|
| 936 |
r |
v |
|a BE 9000
|b Gesamtdarstellungen, Allgemeines
|k Theologie und Religionswissenschaften
|k Religionswissenschaft
|k Religionsgeschichte
|k Religiöse Zeitgeschichte
|k Allgemeines
|k Gesamtdarstellungen, Allgemeines
|0 (DE-627)1270664301
|0 (DE-625)rvk/10823:
|0 (DE-576)200664301
|
| 936 |
r |
v |
|a BE 9250
|b Aus Nordamerika hervorgegangene Gruppen
|k Theologie und Religionswissenschaften
|k Religionswissenschaft
|k Religionsgeschichte
|k Religiöse Zeitgeschichte
|k Religiöse Bewegungen, Religiöse Strömungen; Neue Religionen
|k Einzeldarstellungen
|k Sonstige Gruppen nach geografischem Ursprung
|k Aus Nordamerika hervorgegangene Gruppen
|0 (DE-627)1272625222
|0 (DE-625)rvk/10848:
|0 (DE-576)202625222
|
| 936 |
b |
k |
|a 11.97
|j Neue religiöse Bewegungen
|j Sekten
|0 (DE-627)181570408
|
| 951 |
|
|
|a BO
|
| ELC |
|
|
|b 1
|
| ITA |
|
|
|a 1
|t 1
|
| LOK |
|
|
|0 000 xxxxxcx a22 zn 4500
|
| LOK |
|
|
|0 001 3296463321
|
| LOK |
|
|
|0 003 DE-627
|
| LOK |
|
|
|0 004 071926097
|
| LOK |
|
|
|0 005 20020612000000
|
| LOK |
|
|
|0 008 960318||||||||||||||||ger|||||||
|
| LOK |
|
|
|0 040
|a DE-21
|c DE-627
|d DE-21
|
| LOK |
|
|
|0 852
|a DE-21
|
| LOK |
|
|
|0 852 1
|c 35 A 24987
|9 00
|
| LOK |
|
|
|0 866
|x Ers.Ex.: 98/29
|
| LOK |
|
|
|0 935
|a theo
|
| LOK |
|
|
|0 936ln
|a t14
|
| LOK |
|
|
|0 939
|a 18-03-96
|b l01
|
| LOK |
|
|
|0 000 xxxxxcx a22 zn 4500
|
| LOK |
|
|
|0 001 3296463364
|
| LOK |
|
|
|0 003 DE-627
|
| LOK |
|
|
|0 004 071926097
|
| LOK |
|
|
|0 005 20151116135454
|
| LOK |
|
|
|0 008 150728||||||||||||||||ger|||||||
|
| LOK |
|
|
|0 035
|a (DE-21-110)kd23490
|
| LOK |
|
|
|0 040
|a DE-21-110
|c DE-627
|d DE-21-110
|
| LOK |
|
|
|0 689
|a s
|a Okkultismus
|
| LOK |
|
|
|0 689
|a s
|a Sekten
|
| LOK |
|
|
|0 689
|a s
|a Scientology
|
| LOK |
|
|
|0 689
|a s
|a Jugendreligionen
|
| LOK |
|
|
|0 689
|a s
|a Kulte
|
| LOK |
|
|
|0 689
|a s
|a Neue Religiöse Bewegung
|
| LOK |
|
|
|0 689
|a s
|a International
|
| LOK |
|
|
|0 689
|a s
|a Destruktivität
|
| LOK |
|
|
|0 852
|a DE-21-110
|
| LOK |
|
|
|0 852 1
|c C XV 125
|m p
|9 00
|
| LOK |
|
|
|0 935
|a k110
|
| LOK |
|
|
|0 938
|k p
|
| LOK |
|
|
|0 939
|a 28-07-15
|b l01
|
| ORI |
|
|
|a SA-MARC-ixtheoa001.raw
|
| REL |
|
|
|a 1
|
| STA |
0 |
0 |
|a New religion,New religion,New religious movement,Sect,Cult
|
| STB |
0 |
0 |
|a Nouvelles religions,Nouvelles religions,Secte
|
| STC |
0 |
0 |
|a Religión nueva,Religión nueva,Secta
|
| STD |
0 |
0 |
|a Nuove religioni,Nuove religioni,Setta
|
| STE |
0 |
0 |
|a 教派,派别,新宗教
|
| STF |
0 |
0 |
|a 教派,派別,新宗教
|
| STG |
0 |
0 |
|a Religião nova,Religião nova,Seita
|
| STH |
0 |
0 |
|a Новая религия (мотив),Новая религия,Секта
|
| STI |
0 |
0 |
|a Αίρεση,Νέα θρησκεία (μοτίβο),Νέα θρησκεία
|
| SUB |
|
|
|a REL
|
| SYG |
0 |
0 |
|a Neureligion,Neureligiöse Bewegung,Neue religiöse Bewegung,Neue Glaubensgemeinschaft , Sekten
|